| 000 | 00406nam a2200157Ia 4500 | ||
|---|---|---|---|
| 008 | 231217s9999 xx 000 0 und d | ||
| 041 | _aEnglish | ||
| 082 | _a621.4021 BUR;2 | ||
| 100 | _aBurghardt, M David | ||
| 245 | 0 | _aEngineering thermodynamics with applications | |
| 250 | _a3rd ed. | ||
| 260 |
_c1986 _bHarper & Row, New York |
||
| 300 | _axiii+608 | ||
| 650 | _aThermodynamics | ||
| 942 | _cAA | ||
| 999 |
_c162249 _d162249 |
||